Datum a čas kvízu
17
Celkem bodů
Celkový počet nahraných bodů na tomto kvízu bez doplňovacích otázek.
9.
Pořadí na kvízu
Konečné umístění týmu na tomto kvízu.
Zaznamenané odpovědi
| # | Otázka | Odpověď | Body | Výsledky |
|---|---|---|---|---|
| 1. | Vůz Škoda 1200 z roku 1955, pr... | Jandera | 0 | |
| 2. | Aukční síň Freeman’s-Hindman u... | Abraham Lincoln | 0 | |
| 3. | Ve středu a ve čtvrtek se před... | John Malkovich | 0 | |
| 4. | Kmen Marubo z Amazonského pral... | C) na pornu | 0 | |
| 5. | Jak se nazývá klub, který se v... | Tottenham (Hotspur) | 1 | |
| 6. | V tomto tématu se podíváme na... | Hayato Okamura, KDU-ČSL | 0 | |
| 7. | Podívejte se pozorně na tvář t... | Watson | 0 | |
| 8. | Tentokrát nás zajímá příjmení... | Hana Brejchová; Lásky jedné plavovlásky | 0.5 | |
| 9. | Jak se jmenuje tento muž? Tent... | Etzler; novinář | 0.5 | |
| 10. | Napište jméno i příjmení této... | Kristýna Plíšková; Dávid Hancko | 0 |